[Event "Dortmund"]
[Site "Dortmund"]
[Date "1994.??.??"]
[Round "6"]
[White "Piket, Jeroen"]
[Black "Epishin, Vladimir"]
[Result "1-0"]
[WhiteElo "2660"]
[BlackElo "2650"]
[Annotator "Ambroz,J"]
[PlyCount "57"]
[EventDate "1994.07.??"]
[EventType "tourn"]
[EventRounds "9"]
[EventCountry "GER"]
[EventCategory "16"]
[SourceTitle "CBM 042"]
[Source "ChessBase"]
[SourceDate "1994.10.01"]
[SourceVersion "1"]
[SourceVersionDate "1994.10.01"]
[SourceQuality "1"]

1. d4 d6 2. e4 Nf6 3. Nc3 g6 4. Be3 Bg7 5. Qd2 Ng4 6. Bg5 h6 7. Bh4 c6 (7... g5
8. Bg3 e5 9. d5 (9. dxe5 Nxe5 10. h4 Nbc6 11. O-O-O Be6 12. hxg5 hxg5 13. Rxh8+
Bxh8 14. Nd5 Ng6 15. Nh3 Bxh3 16. gxh3 Nce5 17. Qb4 Rb8 18. Qa5 c6 19. Qxd8+
Rxd8 20. Ne3 Kd7 $5 $10 {Nikolenko-Losev/Moscow/1990/}) 9... f5 10. exf5 Bxf5
11. Bd3 Bxd3 12. Qxd3 O-O 13. Ne4 Nf6 14. O-O-O Nxe4 15. Qxe4 Nd7 16. Ne2 Nc5
17. Qg4 Qe8 18. Kb1 Bf6 19. h4 h5 20. Qb4 a5 $13 {Tolnai-Reeh/Dortmund/1987/})
(7... Nd7 8. Be2 (8. h3 Ngf6 9. f4 c5 10. Nf3 cxd4 11. Qxd4 O-O 12. O-O-O Qa5
13. Bc4 Nb6 14. Bb3 $13 Nfd5 15. e5 dxe5 16. fxe5 Nxc3 17. bxc3 g5 18. Bg3 Bf5
{Rodemann-Hermaneck/Dortmund op-A/1993/}) 8... Ngf6 9. f4 c5 10. d5 O-O 11. Nf3
b5 12. Bxb5 Rb8 13. O-O Qa5 14. e5 dxe5 15. fxe5 Ng4 16. Bxd7 Bxd7 17. Rfe1 {
Kharlov-Kaiszauri/Schweden/1992/}) (7... O-O 8. O-O-O Nc6 9. Nf3 f5 10. exf5
Bxf5 11. h3 Nf6 12. d5 Nb4 13. Nd4 Bd7 14. Bc4 g5 15. Bg3 Nh5 16. Bh2 Kh8 17.
g4 c5 18. dxc6 Nxc6 19. Nxc6 Bxc6 20. gxh5 Bxh1 21. Rxh1 Rc8 22. Be6 Rxc3 23.
bxc3 Qa5 24. Qe3 Bxc3 25. Bb3 {Adams-Beliavsky/Tilburg 30'/1992/}) 8. h3 Nf6 9.
f4 b5 (9... Nbd7 10. e5) (9... d5 10. e5 (10. Bxf6 $5) 10... Ne4 11. Nxe4 dxe4
12. Ne2 $14 {/\ Nc3, >< Pe4} (12. Bc4 Nd7 13. Ne2 Nb6 14. Bb3 a5 15. a4 Nd5 {
/\ Be6})) 10. Bd3 b4 11. Nce2 a5 12. Nf3 O-O 13. O-O d5 $5 (13... Ba6 14. e5 (
14. a3 $5) 14... Nd5 15. f5 $40) 14. Bxf6 $1 (14. e5 Ne4 $132 15. Qe3 f5 $5 (
15... a4 $5) 16. exf6 $140 exf6 17. Bxe4 dxe4 18. Qxe4 Bf5 19. Qe3 Bxc2 $13)
14... dxe4 $6 (14... exf6 15. e5 f5 (15... Re8 16. f5 $5 $40 g5 17. exf6 {
/\ Ng3-h5}) 16. a3 $14) 15. Bxg7 exd3 (15... exf3 16. Bxf8 fxe2 17. Bxe2 $16)
16. Bxf8 dxe2 17. Qxe2 Kxf8 (17... Qxf8 18. Rfe1) (17... Ba6 18. Bxe7) 18. Rfe1
$16 (18. Ne5 Ba6) (18. c4 $16) 18... Be6 (18... Qd6 $142) 19. a3 Na6 20. Qe5
Kg8 21. Nh4 {/\ Ng6} Bc8 (21... Nc7 22. axb4) 22. Qxe7 Qxd4+ 23. Kh1 Qxb2 (
23... Qxf4 24. Nxg6 $1) 24. Nxg6 $1 Be6 (24... fxg6 25. Qd8+ Kh7 26. Re7+) 25.
Qb7 Rb8 26. Ne7+ Kf8 27. Qxa6 bxa3 28. Qxa5 a2 29. Nxc6 1-0

[Event "Hoogovens"]
[Site "Wijk aan Zee"]
[Date "1990.01.??"]
[Round "1"]
[White "Short, Nigel D"]
[Black "Gurevich, Mikhail"]
[Result "1-0"]
[WhiteElo "2635"]
[BlackElo "2645"]
[Annotator "Anand,V"]
[PlyCount "123"]
[EventDate "1990.01.??"]
[EventType "tourn"]
[EventRounds "13"]
[EventCountry "NED"]
[EventCategory "13"]
[SourceTitle "CBM 017"]
[Source "ChessBase"]
[SourceDate "1990.08.01"]
[SourceVersion "1"]
[SourceVersionDate "1990.08.01"]
[SourceQuality "1"]

1. e4 {Viswanathan Anand} d6 2. d4 Nf6 3. Nc3 g6 4. Be3 c6 5. h3 Bg7 6. f4 O-O
7. Nf3 $14 Nbd7 8. e5 Nh5 $6 (8... Nd5 9. Nxd5 cxd5 10. Bd3 $14) (8... Ne8 9.
Be2 $14 (9. h4 $5 c5 10. h5 cxd4 11. Qxd4 $16)) 9. Ne2 c5 10. g4 $1 Nxf4 (10...
cxd4 11. Nfxd4) 11. Nxf4 $1 (11. Bxf4 $6 cxd4 12. exd6 e5 $1 $44) 11... cxd4
12. Nxd4 Nxe5 (12... dxe5 $2 13. Nde6 fxe6 14. Nxe6 Qa5+ 15. Qd2 $1 Qxd2+ 16.
Kxd2 Rf6 17. Nc7 Rb8 18. Bxa7 $18 {Short}) 13. c3 $16 {Black does not have
enough compensation for the piece} Bd7 14. Be2 b5 15. b3 Rc8 16. Rc1 a6 17. O-O
e6 18. Qd2 Qh4 19. Kh2 Qe7 20. Ng2 Rfe8 21. Bh6 Bh8 22. Qe3 Bc6 23. Ne1 Bd5 24.
Nef3 Rc7 25. Bg5 f6 26. Bh4 Nf7 $2 (26... Qd7 $16) 27. c4 $1 bxc4 28. Bxc4 Bxc4
29. Rxc4 d5 30. Rxc7 Qxc7+ 31. Bg3 e5 32. Rc1 Qd7 33. Nc6 Bg7 $2 {Both players
were in time trouble here} (33... d4 34. Qe2 $16) 34. Qa7 $18 Qe6 35. Nb4 Qd6
36. a3 d4 37. Rc6 Qd8 38. Rc7 Rf8 39. Nc6 Qd6 40. Ncxd4 Bh6 41. Nc2 Qd3 42.
Nfe1 Qxb3 43. Qxa6 Bf4 44. Bxf4 exf4 45. Nd3 Rd8 46. Nce1 Qa2+ 47. Rc2 Qa1 48.
Qe6 Qxa3 49. Rc7 Rf8 50. Qxf6 Qa2+ 51. Rc2 Qa5 52. Qxf4 Ng5 53. Qc4+ Kg7 54.
Qc7+ Qxc7+ 55. Rxc7+ Kh6 56. Re7 Nf7 57. Nf3 g5 58. Kg3 Kg6 59. Nde5+ Nxe5 60.
Rxe5 h6 61. Re6+ Kg7 62. Nd4 {Vinaswathan Anand} 1-0

[Event "USA-ch"]
[Site "Seattle"]
[Date "2002.01.12"]
[Round "8"]
[White "Ariel, Donny"]
[Black "Altounian, Levon"]
[Result "1-0"]
[WhiteElo "2367"]
[BlackElo "2442"]
[Annotator "Ang"]
[PlyCount "109"]
[EventDate "2002.01.05"]
[EventType "swiss"]
[EventRounds "9"]
[EventCountry "USA"]
[SourceTitle "CBM 087"]
[Source "ChessBase"]
[SourceDate "2002.03.21"]
[SourceVersion "1"]
[SourceVersionDate "2002.03.21"]
[SourceQuality "1"]

1. e4 d6 2. d4 Nf6 3. Nc3 c6 4. f4 Qa5 5. e5 Ne4 6. Bd3 Nxc3 7. Qd2 d5 8. bxc3
c5 9. Nf3 Nc6 10. O-O e6 11. dxc5 Bxc5+ 12. Kh1 a6 13. Qe1 Bd7 14. a4 Qc7 15.
Qg3 g6 16. Ng5 Ne7 17. Qh4 h6 18. Nxf7 Kxf7 19. Bxg6+ Kg8 20. Qh5 Kg7 21. Bd3
Rag8 22. Rf3 Be8 23. Qh4 Ng6 24. Qf6+ Kh7 25. Qxe6 Qd7 26. Qxd7+ Bxd7 27. Bd2
Rf8 28. e6 Bc6 29. Re1 Rf6 30. f5 Ne7 31. Bf4 d4 32. Be5 Rhf8 33. cxd4 Bxf3 34.
dxc5 Bc6 35. Bxf6 Rxf6 36. a5 h5 37. Kg1 h4 38. g4 hxg3 39. hxg3 Kh6 40. g4 Kg5
41. Be2 Kf4 42. Kf2 Rh6 43. Rf1 Nd5 44. Ke1+ Kg5 45. Kd2 {White has four pawns
for the piece, but they are securely blocked, and his pieces are occupying
defensive positions. However, Black cannot win either, as the moment he takes
the pawn on g4 an exchange will ensue followed by f5-f6 when the passed pawns
become monsters. The over-all assessment of this position is that it should
end in a draw.} Rh2 46. c4 Nf4 47. Rxf4 Kxf4 48. f6 Rh8 (48... Ke5 49. f7 Rf2
50. Ke3 Rf6 51. g5 Kxe6 52. gxf6 Kxf7 53. Bg4 Kxf6 {Contrary to initial
impression, this endgame is won for White.} 54. Kf4 $1 {If the Black King can
get to c7 it is a draw. But that's the whole point - he cannot.} Bh1 (54... Ke7
55. Ke5 Bg2 (55... Kd8 56. Kd6 {wins for White - his king should not have been
allowed by d6.}) ({The bishop must stay on the long diagonal. Why? Well ....} 
55... Be8 56. Bf3 Bc6 57. Be4 $1 Kd7 58. Bxc6+ Kxc6 59. Kd4 {followed by 60.
c6!, no matter where the black King goes. The winning manuever is as in the
main variations.}) 56. Be6 Bf1 57. Bd5 Kd7 58. Bxb7 Bxc4 59. Kd4 {This ending
is won for White.}) 55. Bf3 Bxf3 56. Kxf3 {White has the win. Let's just look
at the main lines:} Ke7 (56... Kf5 57. Ke3 Ke5 58. Kd3 Ke6 59. Kd4 Kd7 60. Kd5
Kc7 61. c6 $1 bxc6+ 62. Kc5 Kb7 63. Kd6 {the rest is easy}) 57. Ke4 Kd8 58. Kd5
Kd7 59. c6+ $1 bxc6+ 60. Ke5 $3 Kc7 61. Ke6 Kc8 62. Kd6 {etc}) 49. f7 Rf8 50.
Bf3 Be8 51. fxe8=Q Rxe8 52. Bxb7 Rxe6 53. c6 Re7 54. Bxa6 Ke5 55. Bb7 1-0

[Event "Bucharest Super"]
[Site "Bucharest"]
[Date "1996.??.??"]
[Round "?"]
[White "Atalik, Suat"]
[Black "Nevednichy, Vladislav"]
[Result "1/2-1/2"]
[WhiteElo "2535"]
[BlackElo "2505"]
[Annotator "Atalik,S"]
[PlyCount "87"]
[EventDate "1996.??.??"]
[EventType "tourn"]
[EventRounds "9"]
[EventCountry "ROU"]
[EventCategory "12"]
[SourceTitle "EXT 1999"]
[Source "ChessBase"]
[SourceDate "1998.11.16"]
[SourceVersion "1"]
[SourceVersionDate "1998.11.16"]
[SourceQuality "1"]

1. d4 d6 2. e4 Nf6 3. f3 e5 4. dxe5 dxe5 5. Qxd8+ Kxd8 6. Bc4 Ke8 7. Be3 Nbd7
8. Nd2 Bc5 9. Ke2 $44 (9. Bg5) (9. Nf1) 9... Ke7 10. Nh3 Ne8 11. Nf2 Nd6 12.
Nd3 Bxe3 13. Kxe3 c6 14. a3 f6 15. Ba2 Rd8 16. Rhe1 $5 Nf8 17. f4 exf4+ 18.
Kxf4 Ng6+ (18... Be6 19. e5 Ng6+ 20. Kf3) 19. Kg3 Nf7 (19... Be6 20. Bxe6 $1 (
20. e5 Nf5+ 21. Kf2 Bxa2 22. exf6+ Kxf6 23. Ne4+ Kf7 24. Ng5+ Kg8 $17) 20...
Kxe6 21. Nf3 $40) 20. e5 (20. Nf3 Nfe5 $11) 20... Nfxe5 21. Nc4 (21. Nf3 Bf5 (
21... Kd6 $6 22. Ndxe5 Nxe5 23. Rad1+ Kc7 24. Rxd8 Kxd8 25. Nxe5 fxe5 26. Rxe5
h6 27. Kh4 Bd7 28. g4 Rc8 29. g5 $16) 22. Ndxe5 fxe5 23. h4 $6 Kf6 24. h5 e4
$17) 21... Bf5 22. Ncxe5 fxe5 23. Nxe5 Nxe5 (23... Kf6 24. Ng4+ Bxg4 25. Kxg4
Ne5+ $11) 24. Rxe5+ Kf6 25. Rae1 Rd2 26. Re7 (26. Be6 Bxc2) 26... Rd7 $1 27.
R7e2 (27. Rxd7 Bxd7 28. Rf1+ Bf5 29. Kh4 h5 $1) 27... Rad8 28. h3 Rd2 29. Bb3
Rxe2 30. Rxe2 h5 31. Kf3 h4 32. g4 hxg3 33. Kxg3 g5 (33... Rh8 34. h4 Rh6 35.
Re8 $40) 34. h4 gxh4+ (34... g4 35. h5 Kg5 36. Re5) 35. Kxh4 c5 36. Kg3 b5 37.
c3 c4 (37... Rd3+ 38. Kf4) 38. Bc2 Bxc2 39. Rxc2 Rd3+ 40. Kf4 Ke6 41. Rh2 Kd6
42. Rh7 (42. a4 bxa4 43. Rh6+ Kc7 44. Rh5 Kc6 45. Rh6+ Kc5 46. Rh5+ Rd5 47.
Rxd5+ Kxd5 48. Kf5 a5 49. Kf4 Kc5 50. Ke5 Kb5 51. Kd5 a3 52. bxa3 Ka4 53. Kxc4
Kxa3 54. Kb5 a4 55. c4 Kb3 56. c5 a3 57. c6 a2 58. c7 a1=Q 59. c8=Q $11) 42...
Rd2 43. Rxa7 Rxb2 44. a4 1/2-1/2

[Event "Isthmia op 1st"]
[Site "Vrachati"]
[Date "2011.08.21"]
[Round "4"]
[White "Atalik, Suat"]
[Black "Shanava, Konstantine"]
[Result "1-0"]
[WhiteElo "2619"]
[BlackElo "2535"]
[Annotator "Atalik,S"]
[PlyCount "93"]
[EventDate "2011.08.18"]
[EventType "swiss"]
[EventRounds "9"]
[EventCountry "GRE"]
[SourceTitle "CBM 144 Extra"]
[Source "ChessBase"]
[SourceDate "2011.10.28"]
[SourceVersion "1"]
[SourceVersionDate "2011.10.28"]
[SourceQuality "1"]

1. d4 d6 (1... Nf6 2. c4 g6 3. f3 $5 (3. Nc3 Bg7 4. e4 d6 5. f3 O-O 6. Be3 {
is the real Saemisch!} e5 (6... c5 7. Nge2 Nc6 8. d5 Ne5 9. Ng3 e6 (9... h5 10.
Be2 h4 11. Nf1 e6 12. Nd2 exd5 13. cxd5 a6 14. a4 Bd7 15. a5 b5 16. axb6 Qxb6
17. Ra2 $14) 10. Be2 exd5 11. cxd5 h5 12. O-O Nh7 13. Qd2 h4 14. Nh1 f5 15. Nf2
Bd7 16. Kh1 a6 17. a4 $13) 7. Nge2 c6 8. Qd2 Nbd7 9. d5 cxd5 10. cxd5 a6 11. g4
h5 12. g5 (12. h3 b5 (12... Nh7 13. Rg1 h4 14. Nc1 Kh8 15. Nb3 Bf6 16. g5 Be7
17. O-O-O f6 18. gxf6 Rxf6 19. Be2 $14) 13. Bg5 Qa5 14. Nc1 Nc5 15. Bd3 b4 16.
N3e2 Bd7 17. Ng3 Nh7 18. Be7 Rfe8 19. Bh4 hxg4 20. hxg4 Bb5 21. Be2 $13) 12...
Nh7 13. Rg1 f6 (13... b5 14. Nc1 Nb6 15. b3 Bd7 16. a3 $14) 14. gxf6 Rxf6 15.
O-O-O b5 16. b3 Nb6 17. Kb2 Bd7 18. Nc1 Be8 19. Be2 b4 20. Nb1 a5 21. Nd3 Rf8
22. Nf2 Nf6 23. Rc1 $14) 3... d5 $1 {The most reliable move after all.} (3...
c5 4. d5 e5 5. e4 d6 6. Nc3 Nh5 7. Be3 Be7 (7... Bg7 8. Qd2 f5 9. exf5 gxf5 10.
Bd3 O-O 11. Nge2 a6 12. a4 Nd7 13. Bg5 Qe8 14. O-O Ndf6 15. Bc2 Bd7 16. Rab1
$14) 8. Qd2 f5 (8... h6 9. g3 f5 10. exf5 gxf5 11. Bd3 Bg5 12. f4 exf4 13. gxf4
Bh4+ 14. Kf1 Ng7 15. Nf3 Bf6 16. Rg1 $16) 9. exf5 gxf5 10. g3 O-O 11. Bd3 Nd7
12. O-O-O a6 13. Nge2 Ng7 14. Rhg1 $13) (3... Bg7 4. e4 O-O 5. Be3 d6 (5... c6
6. Nc3 d5 7. e5 Ne8 8. f4 (8. cxd5 cxd5 9. f4 Nc6 10. Nf3 Bg4 11. Be2 Nc7 12.
O-O f6 13. h3 Bxf3 14. Bxf3 fxe5 15. fxe5 e6 16. Qd2 $14) 8... Nc7 9. Nf3 dxc4
10. Bxc4 Nd7 11. O-O Nb6 12. Bb3 Nbd5 13. Bd2 $14) 6. Ne2 e5 (6... c5 7. d5 e6
8. Qd2 (8. Nec3 exd5 9. cxd5 Nbd7 (9... Nh5 10. g4) 10. Be2 Ne5 11. O-O a6 12.
a4) 8... exd5 9. cxd5 Nbd7 10. Nec3 a6 11. a4 Ne5 12. Be2) (6... Nbd7 7. Qd2 c5
8. d5 Ne5 9. Nec3 e6 10. Be2 exd5 11. cxd5 h5 12. O-O Nh7 13. a4 f5 14. Na3 Qf6
15. f4 Nf7 16. e5 dxe5 17. Bxc5 Rd8 18. Nc4 $14) 7. d5 Nh5 8. Qd2 f5 9. Nbc3 {
should transpose to normal lines.}) 4. cxd5 Nxd5 5. e4 Nb6 6. Nc3 Bg7 7. Be3
O-O 8. Qd2 e5 (8... Nc6 9. O-O-O Qd6 (9... e5 10. d5 Nd4 11. f4 c5 12. fxe5 Bg4
13. Re1 Bxe5 14. h3 Bd7 (14... Qh4 15. Bd3) 15. Nf3 Nxf3 16. gxf3 Na4 17. Nxa4
Bxa4 18. f4 $16) (9... f5 10. e5 Nb4 11. Nh3 Be6 12. Kb1 Qd7 13. Nf4 Bf7 14. h4
Rfd8 $13) (9... Na5 10. b3 Nc6 11. f4 f5 12. e5 $13) 10. Nb5 (10. Kb1 $5 Rd8
11. Nb5 Qd7 12. d5 a6 13. Nc3 (13. dxc6 Qxd2 14. Rxd2 Rxd2 15. Bxd2 axb5 16.
cxb7 Bxb7 17. Bxb5 Rd8 18. Bc1 Rd4 $1 $132) 13... Na5 14. Bd4 Nbc4 15. Qf2 $13)
10... Qd7 11. Na3 $5 $13) 9. d5 c6 10. h4 cxd5 11. exd5 $40 {is very messy.})
2. e4 Nf6 3. f3 $5 {An old flame of mine.} e5 4. d5 Be7 (4... Nxe4 5. fxe4 Qh4+
6. Kd2 Qxe4 7. Qf3 Qg6 8. Bb5+ Bd7 9. Bxd7+ Nxd7 10. Nc3 $16 {and possibly
Black does not have enough for the material deficit.}) 5. Be3 O-O (5... Nh5 6.
c4 Bg5 7. Bf2 g6 8. Nc3 O-O 9. g3 Bh6 10. Nge2 f5 11. exf5 gxf5 12. Bh3 $13) 6.
Ne2 c6 7. c4 a5 ({I I am more for.} 7... b5 $5 8. cxb5 (8. Na3 $5) (8. b3 bxc4
9. bxc4) (8. dxc6 bxc4 9. Nec3 Be6 10. Na3 Nxc6 11. Bxc4 Nb4 $132) 8... cxd5 9.
exd5 Bb7 10. Nbc3 Nbd7 11. Ng3 g6 $13) 8. Nbc3 Nfd7 $6 (8... Na6 9. Qd2 (9. Na4
Nd7 10. Nec3 (10. Ng3 Ndc5) 10... Ndc5 11. Qd2 f5 $132) 9... cxd5 10. cxd5 Bd7
11. g4 $40) 9. Qd2 Na6 10. g4 $1 Ndc5 11. Ng3 a4 12. Kf2 Qa5 (12... Bd7 13. h4)
13. h4 Nc7 14. Rd1 cxd5 {Here comes the critical position in the game.} 15.
Nxd5 (15. exd5 $5 f5 16. gxf5 Bxf5 17. Nxf5 Rxf5 18. Be2 $14) (15. cxd5 Rd8 16.
Nf5 Bxf5 17. exf5 b5 18. g5 b4 19. Ne4 Nxe4+ 20. fxe4 a3 21. b3 Nb5 22. Bxb5
Qxb5 $16) 15... Nxd5 16. cxd5 ({I was afraid of the queen sac after} 16. Qxa5
$5 Nxe3 $1 (16... Rxa5 17. Rxd5 g6 18. Be2 $16) 17. Qxa8 Nxd1+ 18. Ke1 (18. Ke2
Nxb2 19. Qa5 Nxc4 20. Qc3 b5 $132) 18... Bxg4 19. Qa7 Bxf3 20. Nf5 Bd8 21. Rh2
$16) 16... Bd7 17. Qxa5 Rxa5 18. Nf5 Re8 (18... Bxf5 19. exf5) 19. Nxe7+ Rxe7
20. Rc1 f6 $2 (20... b6 21. Be2 Re8 22. Rc4 Bb5 23. Rb4 Bxe2 24. Kxe2 $16) 21.
Bc4 Kf8 22. b4 axb3 23. axb3 Ra2+ 24. Kg3 $1 $16 {Always up!} (24. Kg1) 24...
b5 25. Bxc5 (25. b4 $2 Nxe4+ 26. fxe4 bxc4 27. Rxc4 Ra3 28. Re1 Rb3 $17) 25...
dxc5 26. d6 $1 (26. Bf1 Ra3 27. Rxc5 Rxb3 $16) (26. Bd3 Ra3 27. Rxc5 Rxb3 $16)
26... Re8 27. Bd5 Rc8 (27... Ra6 28. Rxc5 Rxd6 29. Ra1 $18) 28. g5 $1 (28. f4
$2 exf4+ 29. Kxf4 Re8 30. Rxc5 Ra6 31. Rc7 Rxd6 32. Ra1 Be6 33. Raa7 Bxd5 34.
exd5 g5+ $132) 28... Ra7 29. f4 exf4+ 30. Kxf4 Be8 31. e5 fxe5+ 32. Kxe5 Bf7
33. Bxf7 Kxf7 (33... Rxf7 34. Rhf1) 34. h5 $18 {Now with his king having no
shelter Black is in real trouble.} Ra2 35. Rhd1 (35. g6+ hxg6 36. hxg6+ Kxg6
37. Ke6 (37. d7 Re2+) 37... Re2+ 38. Kd7 Ra8 39. Rxc5 $18) 35... c4 36. bxc4 ({
I could have come with a decoy operation.} 36. g6+ hxg6 37. hxg6+ Kxg6 38. d7
Rd8 39. bxc4 $18) 36... Rc5+ (36... bxc4 37. d7 Rd8 38. Kd6 Ra7 39. Kc6 $18)
37. Rd5 Re2+ (37... Rxd5+ 38. Kxd5 $18 (38. cxd5 Re2+ (38... Ke8 39. Rc8+ Kd7
40. Rc7+ $18) 39. Kd4 $18)) 38. Kd4 Rc8 (38... Rxc4+ 39. Rxc4 Rd2+ (39... bxc4
40. d7 Rd2+ 41. Kxc4 Rxd5 42. Kxd5 Ke7 43. Kc6 $18) 40. Kc5 Rxd5+ 41. Kxd5 bxc4
42. Kxc4 $18) 39. d7 $138 {Being in time trouble I have become overcautious.} (
39. Kd3 $142 $18) 39... Rd8 40. cxb5 Ke7 41. Re5+ $5 {This looked like
simplest to me.} (41. Kc5 Rxd7 42. Rxd7+ Kxd7 43. Kb6 $18) 41... Rxe5 42. Kxe5
Rb8 43. Rb1 Rb6 44. Kd5 Kxd7 45. Kc5 Re6 46. b6 Kc8 (46... Re5+ 47. Kd4 $18)
47. Rf1 1-0

[Event "Veliko Gradiste Silver Lake op"]
[Site "Veliko Gradiste"]
[Date "2016.06.25"]
[Round "8"]
[White "Atalik, Suat"]
[Black "Damljanovic, Branko"]
[Result "0-1"]
[WhiteElo "2572"]
[BlackElo "2546"]
[Annotator "Atalik,S"]
[PlyCount "58"]
[EventDate "2016.06.19"]
[EventType "swiss"]
[EventRounds "9"]
[EventCountry "SRB"]
[SourceTitle "CBM 174"]
[Source "ChessBase"]
[SourceDate "2016.09.13"]
[SourceVersion "1"]
[SourceVersionDate "2016.09.13"]
[SourceQuality "1"]

1. d4 d6 2. e4 ({We recently played some games with the main line KID.} 2. Nf3
Nf6 3. c4 g6 4. Nc3 Bg7 5. e4 O-O 6. Be2 e5 (6... c5) 7. O-O) 2... Nf6 3. f3 {
Invitation to a Sämisch.} Nbd7 $5 (3... g6 4. c4 Bg7 5. Nc3 (5. Ne2 O-O 6. Be3
c5 7. Qd2 Nc6 8. d5 Ne5 9. Nec3 e6 10. dxe6 Bxe6 11. Na3 $5) 5... O-O 6. Be3 c5
7. dxc5 dxc5 8. Qxd8 Rxd8 9. Bxc5 Nc6 10. Be3 Be6 11. Rc1 Rac8 $1 {are just
interesting lines.}) 4. Be3 ({White could have used the opportunity to deploy
the knight like} 4. Nh3 e5 5. d5 Be7 6. Be2 c6 7. c4 a6 8. Nc3 $13) 4... e5 5.
d5 c6 6. c4 Be7 7. Qd2 {It is not clear if I need this move.} (7. Nc3 a6 8. Bd3
(8. Nh3 h5 $5) 8... h5 (8... O-O 9. Nge2 {looks normal}) 9. Nge2 h4 10. b4 $13)
(7. Ne2 h5 8. h4 O-O 9. Nec3 cxd5 10. cxd5 Nh7 11. g3) 7... a6 8. Ne2 $6 {
Too fancy!} (8. Nc3 O-O 9. Bd3 cxd5 10. cxd5 b5 11. Nge2 Nb6 12. O-O Bd7 13. b3
$14) 8... h5 $5 9. h4 $6 {Another bad decision!} (9. Ng3 g6 10. Bd3 $13) (9.
Nbc3 cxd5 (9... h4 10. Nc1 (10. O-O-O) 10... cxd5 11. cxd5 $13) 10. cxd5 b5 11.
Nc1 $13) 9... O-O 10. Nec3 $6 {Taking another defender away from the kingside.}
(10. g3 $5) (10. Na3 $142 cxd5 11. cxd5 b5 12. Nc2) (10. a4 Nc5 11. Qc2 a5 $36)
10... cxd5 11. cxd5 b5 $1 12. b4 Ne8 $1 {Now White is badly hooked to the
defence of the h4-pawn.} 13. Bf2 (13. Qf2 a5 $1 14. Nxb5 axb4 15. Nd2 Nc5 $17)
(13. g3 Nb6 14. a4 (14. Qf2 Rb8 15. Nd2 f5) 14... bxa4 15. Nxa4 Nxa4 16. Rxa4
f5 $17) (13. a4 $5 Bxh4+ 14. Kd1 bxa4 15. Rxa4) 13... Nb6 14. a4 bxa4 15. Nxa4
Nxa4 16. Rxa4 Nc7 17. Nc3 (17. Bd3 Rb8 18. Ra1 f5 19. Na3 fxe4 20. Bxe4 Bf5 $17
) (17. Na3 f5 18. Bd3 fxe4 19. Bxe4 Bd7 20. Ra5 Nb5 21. Nxb5 Bxb5 $17) 17...
Bd7 $6 (17... Rb8 $142 $17) 18. Ra5 Rb8 19. Na4 $2 {The final mistake after
which ...f5 decides the game.} (19. Bxa6 $8 Nxa6 20. Rxa6 Rxb4 21. O-O Bxh4 (
21... Bc8 22. Rc6 Bb7 23. Nb1 Rb5 24. Nc3 Bxc6 25. dxc6 $44) 22. Bxh4 Qxh4 23.
Rxd6 Qe7 24. Ra6 Qc5+ 25. Kh2 Rc4 26. Nd1 $15) 19... f5 20. Bd3 (20. exf5 Bxf5
21. Be2 e4 $1 $19) 20... fxe4 21. Bxe4 Bf5 22. Bxf5 Rxf5 23. Nb6 $2 (23. Nc3
Rxb4 $19) (23. Nb2 Rf7 24. Nd3 Bf6 25. O-O Bxh4 26. Rc1 $17 {was the lesser
evil.}) 23... Rf4 $19 24. Ke2 $2 {I should have resigned at once.} ({However
even} 24. O-O Bxh4 $19 25. g3 $140 Qg5 26. Kh2 (26. Kg2 Bxg3 27. Bxg3 h4) 26...
Bxg3+ $1 27. Bxg3 Rh4+ {decides the game at once.}) 24... Nb5 $1 25. Qc2 Rxb6
26. Bxb6 Qxb6 27. Qc8+ Kh7 28. Qxa6 Nc3+ 29. Kd2 Qxb4 (29... Rd4+ $19) (29...
Qxb4 30. Qd3+ Ne4+) 0-1

[Event "EU-ch 4th"]
[Site "Istanbul"]
[Date "2003.06.11"]
[Round "11"]
[White "Rozentalis, Eduardas"]
[Black "Kempinski, Robert"]
[Result "1-0"]
[WhiteElo "2586"]
[BlackElo "2553"]
[Annotator "Atlas,V"]
[PlyCount "55"]
[EventDate "2003.05.30"]
[EventType "swiss"]
[EventRounds "13"]
[EventCountry "TUR"]
[SourceTitle "CBM 096"]
[Source "ChessBase"]
[SourceDate "2003.09.25"]
[SourceVersion "1"]
[SourceVersionDate "2003.09.25"]
[SourceQuality "1"]

1. e4 c5 2. c3 d6 3. d4 Nf6 4. Bd3 g6 5. dxc5 dxc5 6. e5 Nfd7 7. f4 Qc7 8. Nf3
e6 9. Nbd2 b6 10. Qe2 Bb7 11. Ne4 a6 12. Be3 Nc6 13. O-O-O b5 14. Bc2 Be7 15.
h4 h5 16. Nfg5 Na5 17. Nd6+ Bxd6 18. exd6 Qd8 19. Bxc5 Nxc5 20. Qe5 O-O 21.
Qxc5 Rc8 22. Qe5 Bd5 23. Rxd5 $1 {[%csl Gd5,Re6,Rf7,Rg6,Rg8]} ({The most
convincing way to develop White's initiative! Of course, after} 23. f5 f6 24.
Nxe6 fxe5 25. Nxd8 Rcxd8 26. Rxd5 {, White has excellent winning chances. Yet,
the text move is even more efficient.}) 23... exd5 {[%tqu "En","How would you
justify White's exchange sacrifice on the previous move?","Try to disclose the
enemy king even more.","Use your knight for the decisive strike!","g5e6","This
impressive sacrifice crowns Rosentalis' brilliant attack.",6]} 24. Ne6 $3 {
[%csl Rf7,Rg6,Rg7,Rg8][%cal Ge5g7,Gc2g6] This beautiful move makes White's
attack irresistible.} fxe6 (24... f6 25. Qxd5 {is hopeless for Black.}) 25.
Qxe6+ Kh8 ({If} 25... Rf7 {, then} 26. Bxg6 {, winning.}) 26. Qxg6 Qd7 27. Qh6+
Kg8 28. Rh3 $1 {[%csl Rg8][%cal Gh3g3,Gg3g8,Gc2h7,Gh6h7]} (28. Rh3 $1 {An
impressive game conclusion. Black is defenseless against White's manifold
threats:} Rf7 29. Rg3+ Rg7 (29... Qg4 30. Rxg4+ hxg4 31. Qg6+ Kf8 32. Qh5 {
, causing further material losses}) 30. Qh7+ Kf8 31. Qh8+ {, with inevitable
mate.}) 1-0